Effective Japanese Usage Dictionary. A Concise Exxplanation of Frequently Confused Words and Phrases

Đã lưu trong:
Chi tiết về thư mục
Tác giả chính: Kodansha's
Định dạng: Sách
Ngôn ngữ:English
Được phát hành: 2001
Những chủ đề:
Các nhãn: Thêm thẻ
Không có thẻ, Là người đầu tiên thẻ bản ghi này!
Thư viện lưu trữ: Mạng thư viện Đại học Đà Nẵng
LEADER 01081cam a22003131a 4500
001 000033075
003 9208
005 20151021000000.0
008 151016s2001 vm 000 eng
041 |a eng 
082 |a 495.63  |b KO-D 
100 |a Kodansha's 
245 |a Effective Japanese Usage Dictionary. A Concise Exxplanation of Frequently Confused Words and Phrases  |c Kodansha's 
260 |c 2001 
300 |a 746tr. : mh ; 15 cm 
650 |a Japanese, Dictionary, 2001Exxplanation of Frequently Confused Words, Phrases 
852 |b Chuyên đề  |c Từ điền 1 
OWN |a LNN 
AVA |a UDN50  |b LNN  |d 495.63 KO-D  |e available  |t Error 5001 Not defined in file expand_doc_bib_avail.  |f 1  |g 0  |h N  |i 0  |k 1 
999 |a From the UDN01 
AVA |a UDN50  |b LNN  |d 495.63 KO-D  |e available  |t Error 5001 Not defined in file expand_doc_bib_avail.  |f 1  |g 0  |h N  |i 0  |k 1 
TYP |a Monograph 
980 |a Mạng thư viện Đại học Đà Nẵng